01221 2200457 4500001002100000005001500021035002000036245009000056020002200146260003400168040001200202041000800214008004100222082001200263084001800275100002000293300003100313650002500344700001900369700001500388990001800403990001800421990001800439990001800457990001800475990001800493990001800511990001800529990001800547990001800565990001800583990001800601990001800619990001800637990001800655990001800673990001800691990001800709990001800727990001800745INLIS00000000000190520200220085726 a0010-11190000071 aAishwa balita bershalawat /cJohn Supriyanto, Hendro Karnadi ; penyunting, Zaenulmind a978-602-6358-53-0 aJakarta :bWahyu Qolbu,c2018 aJBPDBAN aind200220 e 0 ind  a297.577 a297.577 JOH a0 aJohn Supriyanto a203 hlm. :bilus ;c19 cm. aIslam dan Perkawinan0 aHendro Karnadi0 aZaenulmind a19/402080/PBI a19/402081/PBI a19/402082/PBI a19/402083/PBI a19/402083/PBI a19/402080/PBI a19/402081/PBI a19/402082/PBI a19/402082/PBI a19/402080/PBI a19/402081/PBI a19/402083/PBI a19/402081/PBI a19/402080/PBI a19/402082/PBI a19/402083/PBI a19/402080/PBI a19/402081/PBI a19/402082/PBI a19/402083/PBI